000
00198 a2200097 4500
020
_a
9780679883425
041
_a
eng
100
_a
Barbara Park
245
_a
Junie b Jones is not a crook
942
_c
BK
999
_c
30740
_d
30738